| 000 | 00415nam a22001697a 4500 | ||
|---|---|---|---|
| 003 | OSt | ||
| 005 | 20240812152609.0 | ||
| 007 | 689 pages | ||
| 008 | 240812b |||||||| |||| 00| 0 eng d | ||
| 020 | _a9789390491131 | ||
| 040 | _c | ||
| 082 |
_26 _a371.262 _bETS |
||
| 245 |
_aOfficial guide to the TOEFL iBT test _cETS TOEFL |
||
| 250 | _a6 | ||
| 260 |
_bmcgraw Hill _c2021 |
||
| 942 |
_2ddc _cBK _e6 _k371.262 _mETS _n0 |
||
| 999 |
_c36065 _d36065 |
||